| 000 | 01419nam a2200385 c 4500 | ||
|---|---|---|---|
| 003 | BLK | ||
| 005 | 20250404150427.0 | ||
| 008 | 180410b bul|||||r ||||||| ||bul|| | ||
| 010 | _aKNG00156861000 | ||
| 020 |
_a978-954-2610-71-7 _bиздат.: Хермес |
||
| 040 | _aBLK | ||
| 041 |
_aBUL _cBUL |
||
| 072 | 7 |
_2bullib _aН85 _xДетска художествена литература Н |
|
| 080 |
_aАвстралийска литература _b821.111(94) _x-93-34 _z821.111(94)-93-34 |
||
| 700 | 1 |
_aПичуров, Тодор Стоянов _eпрев. _9330622 |
|
| 139 |
_aРусалки _bР 93 |
||
| 245 | 1 | 0 |
_aРусалки _cпрев. Тодор Стоянов Пичуров. |
| 257 | _aAUS | ||
| 260 |
_аПловдив _bХермес _c2012 _fОтпеч. в Китай |
||
| 300 |
_a20 с. _bс цв. ил. _c26Х26 см |
||
| 380 | _aDX | ||
| 490 | 1 | _aВълшебни тайни | |
| 500 | _aБез сведение за ориг. загл. | ||
| 653 | _aприказки | ||
| 653 | _aкнижки-картинки | ||
| 653 | _aлитература за деца | ||
| 653 | _aдетска литература | ||
| 659 | _aН | ||
| 852 | _aЦб ІІ 19813 | ||
| 856 | 4 |
_qpdf _u |
|
| 856 | 4 |
_qpdf _u |
|
| 942 |
_cKNG _n0 _015 |
||
| 944 |
_aCR _c18.02.2014 _lАнна Гръцманова _k30564 |
||
| 944 |
_aED _c24.03.2017 _lф / _kЛюдмила_Стоянова |
||
| 999 |
_c150533 _d150533 |
||